The developmental state in history and the twentieth century (Record no. 517219)

000 -LEADER
fixed length control field 00370nam a2200121 4500
082 ## - DEWEY DECIMAL CLASSIFICATION NUMBER
Classification number TNC T19x54 B146d
100 ## - MAIN ENTRY--PERSONAL NAME
Personal name Bagchi, Amiya Kumar.
9 (RLIN) 24790
245 ## - TITLE STATEMENT
Title The developmental state in history and the twentieth century
260 ## - PUBLICATION, DISTRIBUTION, ETC. (IMPRINT)
Place of publication, distribution, etc New Delhi
Name of publisher, distributor, etc Regency
Date of publication, distribution, etc 2004
300 ## - PHYSICAL DESCRIPTION
Extent 60p
650 ## - SUBJECT ADDED ENTRY--TOPICAL TERM
Topical term or geographic name as entry element Democracy - India
9 (RLIN) 24791
650 ## - SUBJECT ADDED ENTRY--TOPICAL TERM
Topical term or geographic name as entry element Economic Development - India
9 (RLIN) 24792
Holdings
Withdrawn status Lost status Source of classification or shelving scheme Damaged status Koha normalized classification for sorting Not for loan Permanent location Current location Date acquired Full call number Barcode Date last seen Price effective from Koha item type
        TNC_T19X54_B146D   Indian Institute of Public Administration Indian Institute of Public Administration 2021-07-06 TNC T19x54 B146d GR23564 2021-07-06 2021-07-06 GR

Powered by Koha